[Event "Kiel op 34th"]
[Site "Kiel"]
[Date "2022.07.30"]
[Round "1"]
[White "Ghadimi, Mohammed Reza"]
[Black "Dittmar, Markus"]
[Result "1-0"]
[WhiteElo "2147"]
[BlackElo "1615"]
[PlyCount "85"]
[EventDate "2022.07.30"]
[EventType "swiss"]
[EventRounds "9"]
[EventCountry "GER"]
[SourceTitle "CBM 209 Extra"]
[Source "ChessBase"]
[SourceDate "2022.09.30"]
[SourceVersion "1"]
[SourceVersionDate "2022.09.30"]
[SourceQuality "1"]

1. c4 Nf6 2. Nc3 g6 3. e4 d6 4. d4 Bg7 5. f4 0-0 6. Nf3 c5 7. d5 e6 8. Bd3 exd5 9. cxd5 a6 10. a4 Bg4 11. 0-0 Re8 12. Qb3 Qc7 13. Nd2 Bc8 14. Nc4 Nbd7 15. h3 Rb8 16. Re1 Nh5 17. g4 Bxc3 18. Qxc3 Ng7 19. b3 b5 20. Bb2 f6 21. Ne3 Rf8 22. Re2 b4 23. Qc2 a5 24. Rg2 Rf7 25. Rf1 Qa7 26. Nc4 Ba6 27. Kh1 Bxc4 28. Bxc4 Re8 29. h4 Kh8 30. g5 Kg8 31. gxf6 Nxf6 32. e5 Nfh5 33. f5 Kf8 34. f6 Nf5 35. Rxf5 gxf5 36. e6 Rxf6 37. Bxf6 Nxf6 38. Qxf5 Qe7 39. Rf2 Kg7 40. Qg5+ Kh8 41. Qxf6+ Qxf6 42. Rxf6 Re7 43. Rf8+ 1-0

[Event "Kiel op 31st"]
[Site "Kiel"]
[Date "2018.07.30"]
[Round "5"]
[White "Ghadimi, Mohammed Reza"]
[Black "Kosanke, Stefan"]
[Result "0-1"]
[WhiteElo "2108"]
[BlackElo "1986"]
[PlyCount "72"]
[EventDate "2018.07.28"]
[EventType "swiss"]
[EventRounds "9"]
[EventCountry "GER"]
[SourceTitle "CBM 185 Extra"]
[Source "ChessBase"]
[SourceDate "2018.07.29"]
[SourceVersion "1"]
[SourceVersionDate "2018.07.29"]
[SourceQuality "1"]

1. e4 e6 2. d4 d5 3. Nd2 Nf6 4. e5 Nfd7 5. c3 c5 6. f4 Nc6 7. Ndf3 Qb6 8. g3 cxd4 9. cxd4 Be7 10. Kf2 g5 11. fxg5 Ndxe5 12. Kg2 Nc4 13. b3 Nd6 14. Bd3 Ne4 15. Ne2 Bd7 16. Rf1 Rg8 17. h4 f6 18. gxf6 Bxf6 19. Bxe4 dxe4 20. Ng5 Be7 21. Nxe4 0-0-0 22. Bg5 Bxg5 23. Nxg5 Ne7 24. Kh2 Nf5 25. Rf4 h6 26. Nf7 Rdf8 27. Ne5 Qd6 28. Qc1+ Kb8 29. Nxd7+ Qxd7 30. Qc5 Rc8 31. Qe5+ Ka8 32. Raf1 a6 33. d5 Rc2 34. dxe6 Qd3 35. Qxf5 Rxe2+ 36. Kh1 Rh2+ 0-1

[Event "Bad Schwartau op 1st"]
[Site "Bad Schwartau"]
[Date "2014.12.28"]
[Round "3"]
[White "Ghadimi, Mohammed Reza"]
[Black "Rickert, Heiko"]
[Result "0-1"]
[WhiteElo "2144"]
[BlackElo "1950"]
[PlyCount "98"]
[EventDate "2014.12.27"]
[EventType "swiss"]
[EventRounds "7"]
[EventCountry "GER"]
[SourceTitle "CBM 164 Extra"]
[Source "ChessBase"]
[SourceDate "2015.03.02"]
[SourceVersion "1"]
[SourceVersionDate "2015.03.02"]
[SourceQuality "1"]

1. d4 Nf6 2. c4 c5 3. d5 b5 4. Nd2 d6 5. e4 bxc4 6. Bxc4 g6 7. f4 Bg7 8. Ngf3 0-0 9. 0-0 Nbd7 10. Rb1 Qa5 11. Qe2 Nb6 12. b4 Qa4 13. Bb5 Qxa2 14. Rb2 Qa1 15. Nb3 Qa3 16. bxc5 dxc5 17. Rb1 Qb4 18. Bd2 Qxe4 19. Rfe1 Qxe2 20. Rxe2 Nfxd5 21. Nxc5 Bg4 22. Na6 Rac8 23. Nb4 Bc3 24. Nc6 Bxd2 25. Rxd2 Bxf3 26. gxf3 a6 27. Nxe7+ Nxe7 28. Bxa6 Rc6 29. Rd4 Nf5 30. Re4 Nd5 31. Bb7 Rb6 32. Rxb6 Nxb6 33. Rb4 Nd7 34. Be4 Ng7 35. Bd5 Nf6 36. Bb3 Nfh5 37. Kf2 Ne6 38. f5 Nef4 39. Rb5 Rd8 40. Rb7 Nd5 41. fxg6 hxg6 42. Ra7 Nhf4 43. Kg3 Rb8 44. Bc4 Rb2 45. Bxd5 Nxd5 46. h4 Nf6 47. Ra4 Nh5+ 48. Kg4 Rg2+ 49. Kh3 Rg3+ 0-1

[Event "WchT Silent"]
[Site "Opatija"]
[Date "2014.06.26"]
[Round "8.3"]
[White "Ghadimi, Mohammed Reza"]
[Black "Frink, Ferenc"]
[Result "1/2-1/2"]
[WhiteElo "2152"]
[BlackElo "2083"]
[PlyCount "124"]
[EventDate "2014.06.19"]
[EventType "team-swiss"]
[EventRounds "9"]
[EventCountry "CRO"]
[SourceTitle "CBM 161 Extra"]
[Source "ChessBase"]
[SourceDate "2014.08.29"]
[SourceVersion "1"]
[SourceVersionDate "2014.08.29"]
[SourceQuality "1"]
[WhiteTeam "Germany"]
[BlackTeam "Hungary"]
[WhiteTeamCountry "GER"]
[BlackTeamCountry "HUN"]

1. e4 Nc6 2. d4 e5 3. d5 Nce7 4. Nf3 Ng6 5. h4 d6 6. Nc3 h6 7. Qd3 Bd7 8. Be2 Be7 9. g3 a6 10. a4 Nf6 11. Nd2 Qc8 12. Nf1 Bd8 13. Ne3 Nh7 14. Nf5 0-0 15. Bg4 Re8 16. Qf3 Ne7 17. Nxe7+ Bxe7 18. Bf5 Nf6 19. g4 g6 20. Bxd7 Qxd7 21. g5 hxg5 22. Bxg5 Qg4 23. Qxg4 Nxg4 24. f3 Nf6 25. Bxf6 Bxf6 26. Ke2 Kg7 27. Rag1 Rh8 28. h5 Rh6 29. hxg6 Rxg6 30. Nd1 Bg5 31. Nf2 Rg8 32. Ng4 f6 33. Rh5 Rh8 34. Rxh8 Kxh8 35. Nxf6 Rxf6 36. Rxg5 Rh6 37. Rg2 Rh1 38. Kf2 Kh7 39. b3 Rc1 40. Ke3 Re1+ 41. Kd3 Rd1+ 42. Kc4 Rf1 43. Rg3 Rf2 44. c3 Rc2 45. Rg5 Rf2 46. Rf5 Kg7 47. Kb4 Ra2 48. c4 b6 49. f4 exf4 50. e5 dxe5 51. Rxe5 Kf6 52. Re6+ Kf7 53. Re4 Rf2 54. a5 f3 55. axb6 cxb6 56. c5 a5+ 57. Kb5 bxc5 58. Kc6 Kf6 59. d6 Rd2 60. d7 f2 61. Rf4+ Ke7 62. Re4+ Kf7 1/2-1/2

[Event "Hamburg St Pauli op-A"]
[Site "Hamburg"]
[Date "2013.07.14"]
[Round "9"]
[White "Ghadimi, Mohammed Reza"]
[Black "Rieling, Thomas"]
[Result "1/2-1/2"]
[WhiteElo "2157"]
[BlackElo "2081"]
[PlyCount "81"]
[EventDate "2013.07.06"]
[EventType "swiss"]
[EventRounds "9"]
[EventCountry "GER"]
[SourceTitle "CBM 155 Extra"]
[Source "ChessBase"]
[SourceDate "2013.08.26"]
[SourceVersion "1"]
[SourceVersionDate "2013.08.26"]
[SourceQuality "1"]

1. e4 e5 2. Nf3 Nc6 3. Bb5 f5 4. d3 fxe4 5. dxe4 Nf6 6. 0-0 Bc5 7. Qd3 d6 8. Nc3 a6 9. Ba4 Bg4 10. Bxc6+ bxc6 11. Be3 Bxe3 12. fxe3 Qd7 13. Nh4 0-0 14. Rf2 g5 15. Raf1 gxh4 16. Rxf6 Rxf6 17. Rxf6 Kg7 18. Rf2 h3 19. Ne2 hxg2 20. Rxg2 Kh8 21. Ng3 Bh3 22. Rf2 Rg8 23. Qe2 Bg4 24. Qf1 Qe6 25. Rf8 a5 26. Qf7 Qxf7 27. Rxf7 Rg7 28. Rf6 Rg6 29. Rf2 h5 30. Kf1 h4 31. Nf5 Bxf5 32. exf5 Rg4 33. Rg2 Rg7 34. h3 Rf7 35. Rg5 d5 36. Ke2 e4 37. c4 Rg7 38. Rh5+ Rh7 39. Rg5 Rg7 40. Rh5+ Rh7 41. Rg5 1/2-1/2

[Event "Hamburg St Pauli op-A"]
[Site "Hamburg"]
[Date "2013.07.12"]
[Round "7"]
[White "Ghadimi, Mohammed Reza"]
[Black "Wenzel, Birger"]
[Result "1/2-1/2"]
[WhiteElo "2157"]
[BlackElo "2045"]
[PlyCount "130"]
[EventDate "2013.07.06"]
[EventType "swiss"]
[EventRounds "9"]
[EventCountry "GER"]
[SourceTitle "CBM 155 Extra"]
[Source "ChessBase"]
[SourceDate "2013.08.26"]
[SourceVersion "1"]
[SourceVersionDate "2013.08.26"]
[SourceQuality "1"]

1. e4 g6 2. d4 Bg7 3. Nf3 d6 4. Be2 Nf6 5. Nc3 0-0 6. 0-0 c6 7. a4 Nbd7 8. Bf4 Qc7 9. h3 e5 10. Bh2 Re8 11. dxe5 dxe5 12. Qd2 Nh5 13. Rfe1 Nf8 14. Rad1 Ne6 15. Qd6 Qxd6 16. Rxd6 f6 17. Bc4 Bf8 18. Rdd1 Kh8 19. Ne2 Nc5 20. g4 Ng7 21. g5 Be7 22. gxf6 Bxf6 23. Kg2 Nd7 24. Nd2 Ne6 25. Bxe6 Rxe6 26. Nc4 Nb6 27. Nxb6 axb6 28. b3 Re8 29. c4 Kg7 30. Nc3 Kf7 31. f3 Be6 32. Bg1 Bd8 33. Rd3 Bc7 34. Red1 Rad8 35. Bf2 Rxd3 36. Rxd3 Rd8 37. Rxd8 Bxd8 38. Bg3 Be7 39. h4 h5 40. Bf2 Bd8 41. Kg3 Bc7 42. Be3 Kf6 43. Bg5+ Kf7 44. Be3 Kf6 45. Bh6 Bd6 46. Bg5+ Kf7 47. Be3 Bc7 48. f4 Kf6 49. Nb1 b5 50. axb5 cxb5 51. cxb5 Bxb3 52. Nd2 Bc2 53. fxe5+ Bxe5+ 54. Bf4 Bc3 55. Kf3 Bd3 56. b6 Bxd2 57. Bxd2 Ke6 58. Bf4 Bb5 59. Bc7 Bc6 60. Kf4 Ba4 61. Kg5 Kf7 62. Kf4 Ke6 63. Ke3 Bc2 64. Kd4 Ba4 65. Bf4 Bc2 1/2-1/2

[Event "Hamburg St Pauli op-A"]
[Site "Hamburg"]
[Date "2013.07.09"]
[Round "4"]
[White "Souleidis, Georgios"]
[Black "Ghadimi, Mohammed Reza"]
[Result "1-0"]
[WhiteElo "2398"]
[BlackElo "2157"]
[PlyCount "99"]
[EventDate "2013.07.06"]
[EventType "swiss"]
[EventRounds "9"]
[EventCountry "GER"]
[SourceTitle "CBM 155 Extra"]
[Source "ChessBase"]
[SourceDate "2013.08.26"]
[SourceVersion "1"]
[SourceVersionDate "2013.08.26"]
[SourceQuality "1"]

1. e4 e6 2. d4 d5 3. Nc3 Nf6 4. Bg5 dxe4 5. Nxe4 Nbd7 6. Nf3 Be7 7. Bxf6 Nxf6 8. Bd3 Nxe4 9. Bxe4 c5 10. Qe2 Qa5+ 11. c3 cxd4 12. Nxd4 0-0 13. 0-0 Rb8 14. Rfd1 e5 15. b4 Qc7 16. Nb5 Qb6 17. a4 a6 18. Qh5 f5 19. Bd5+ Kh8 20. Na3 Qf6 21. a5 e4 22. Rac1 Be6 23. Nc4 Bxd5 24. Rxd5 Rbc8 25. Ne5 g6 26. Qd1 Rfd8 27. Nd7 Qg7 28. Qd2 Bg5 29. Qxg5 Rxd7 30. Rxd7 Qxd7 31. Qf6+ Kg8 32. g3 Rc6 33. Qe5 Rd6 34. Kg2 Qc6 35. Kg1 Qd7 36. Qf4 Rd1+ 37. Rxd1 Qxd1+ 38. Kg2 Qd7 39. c4 Qc6 40. Kg1 Qd7 41. h4 Qc6 42. h5 Qxc4 43. Qb8+ Kg7 44. Qxb7+ Kh6 45. hxg6 hxg6 46. Qb6 Qc2 47. Qxa6 e3 48. fxe3 Qb1+ 49. Qf1 Qxb4 50. Qf4+ 1-0

[Event "Hamburg St Pauli op-A"]
[Site "Hamburg"]
[Date "2013.07.08"]
[Round "3"]
[White "Ghadimi, Mohammed Reza"]
[Black "Nedic, Dusan"]
[Result "1/2-1/2"]
[WhiteElo "2157"]
[BlackElo "2328"]
[PlyCount "40"]
[EventDate "2013.07.06"]
[EventType "swiss"]
[EventRounds "9"]
[EventCountry "GER"]
[SourceTitle "CBM 155 Extra"]
[Source "ChessBase"]
[SourceDate "2013.08.26"]
[SourceVersion "1"]
[SourceVersionDate "2013.08.26"]
[SourceQuality "1"]

1. e4 e6 2. d4 d5 3. Nd2 Nf6 4. e5 Nfd7 5. f4 c5 6. c3 Nc6 7. Ndf3 Qb6 8. g3 cxd4 9. cxd4 Bb4+ 10. Kf2 f6 11. Kg2 0-0 12. Bd3 Rf7 13. a3 Be7 14. b4 Nf8 15. Ne2 Bd7 16. Nc3 Rc8 17. Na4 Qc7 18. Bb2 fxe5 19. fxe5 Ng6 20. Rf1 b6 1/2-1/2

[Event "EU-chT ICCD Silent 21st"]
[Site "Kaunas"]
[Date "2013.06.16"]
[Round "7.3"]
[White "Ghadimi, Mohammed Reza"]
[Black "Openyshev, Volodymyr"]
[Result "1-0"]
[WhiteElo "2140"]
[BlackElo "1989"]
[PlyCount "35"]
[EventDate "2013.06.13"]
[EventType "team-swiss"]
[EventRounds "7"]
[EventCountry "LTU"]
[SourceTitle "EXT 2015"]
[Source "ChessBase"]
[SourceDate "2014.11.20"]
[SourceVersion "1"]
[SourceVersionDate "2014.11.20"]
[SourceQuality "1"]

1. e4 c6 2. d4 d5 3. e5 Bf5 4. Nf3 e6 5. Be2 h6 6. 0-0 Nd7 7. Be3 Qb6 8. b3 c5 9. c4 dxc4 10. bxc4 Qc7 11. Nc3 a6 12. d5 Nxe5 13. Nxe5 Qxe5 14. Qa4+ Kd8 15. dxe6 Bxe6 16. Rad1+ Kc7 17. Nd5+ Kb8 18. Bf4 1-0

[Event "EU-chT ICCD Silent 21st"]
[Site "Kaunas"]
[Date "2013.06.14"]
[Round "3.3"]
[White "Sobolev, Yuri"]
[Black "Ghadimi, Mohammed Reza"]
[Result "0-1"]
[WhiteElo "2266"]
[BlackElo "2140"]
[PlyCount "126"]
[EventDate "2013.06.13"]
[EventType "team-swiss"]
[EventRounds "7"]
[EventCountry "LTU"]
[SourceTitle "EXT 2015"]
[Source "ChessBase"]
[SourceDate "2014.11.20"]
[SourceVersion "1"]
[SourceVersionDate "2014.11.20"]
[SourceQuality "1"]

1. e4 e5 2. Nf3 Nc6 3. Bb5 a6 4. Bxc6 dxc6 5. h3 Ne7 6. 0-0 Ng6 7. d4 exd4 8. Nxd4 c5 9. Ne2 Bd6 10. f4 0-0 11. a4 a5 12. c4 f6 13. Nbc3 c6 14. Qe1 Qb6 15. Ra3 Qb4 16. b3 Re8 17. Qg3 Nf8 18. Rd1 Bc7 19. Qf2 Ne6 20. Bb2 Nd4 21. Na2 Nxe2+ 22. Qxe2 Qb6 23. Qf3 Be6 24. Bc1 Rad8 25. Nc3 Rxd1+ 26. Qxd1 Rd8 27. Qc2 Qa7 28. Be3 Qb8 29. Ne2 Rd7 30. f5 Bf7 31. Bxc5 Qd8 32. Ra2 Rd3 33. Nc1 Rd1+ 34. Kf2 Be5 35. Ne2 g6 36. Be3 Rd3 37. g4 Rd1 38. Ng1 Bc7 39. Ke2 Rd7 40. Nf3 Re7 41. Ra1 gxf5 42. gxf5 Bh5 43. Kf2 Qd6 44. Rg1+ Rg7 45. Qd1 Qe7 46. Rxg7+ Qxg7 47. Qg1 Qxg1+ 48. Nxg1 Bd1 49. Nf3 Bxb3 50. Bd4 Kf7 51. Nd2 Bxa4 52. c5 Bb5 53. Ke3 a4 54. Nf3 a3 55. e5 fxe5 56. Nxe5+ Ke7 57. Nf3 Bc4 58. Ng5 h6 59. Nh7 a2 60. Nf6 b6 61. Ng4 h5 62. Nh6 bxc5 63. Bg7 Bh2 0-1

[Event "Dresden ZMD op-A 21st"]
[Site "Dresden"]
[Date "2012.08.25"]
[Round "8"]
[White "Ghadimi, Mohammed Reza"]
[Black "Rudolf, Matthias"]
[Result "1/2-1/2"]
[WhiteElo "2072"]
[BlackElo "2044"]
[PlyCount "35"]
[EventDate "2012.08.18"]
[EventType "swiss"]
[EventRounds "9"]
[EventCountry "GER"]
[SourceTitle "CBM 150 Extra"]
[Source "ChessBase"]
[SourceDate "2012.10.19"]
[SourceVersion "1"]
[SourceVersionDate "2012.10.19"]
[SourceQuality "1"]

1. e4 e6 2. d4 d5 3. Nd2 Nc6 4. Ngf3 Nf6 5. e5 Nd7 6. Be2 f6 7. exf6 Qxf6 8. Nf1 Bd6 9. Ne3 0-0 10. 0-0 Qg6 11. g3 Nf6 12. Nh4 Qe8 13. f4 Ne4 14. c3 Ne7 15. Ng4 Nf5 16. Nf3 b6 17. Bd3 Bb7 18. Qe2 1/2-1/2

[Event "Dresden ZMD op-A 21st"]
[Site "Dresden"]
[Date "2012.08.22"]
[Round "5"]
[White "Ehlert, Horst"]
[Black "Ghadimi, Mohammed Reza"]
[Result "1/2-1/2"]
[WhiteElo "1936"]
[BlackElo "2072"]
[PlyCount "128"]
[EventDate "2012.08.18"]
[EventType "swiss"]
[EventRounds "9"]
[EventCountry "GER"]
[SourceTitle "CBM 150 Extra"]
[Source "ChessBase"]
[SourceDate "2012.10.19"]
[SourceVersion "1"]
[SourceVersionDate "2012.10.19"]
[SourceQuality "1"]

1. Nf3 Nf6 2. c4 g6 3. g3 Bg7 4. Bg2 0-0 5. 0-0 d5 6. cxd5 Nxd5 7. Nc3 Nc6 8. a3 Nb6 9. Qc2 Bg4 10. Rb1 Bxf3 11. Bxf3 Nd4 12. Qd3 Nxf3+ 13. Qxf3 c6 14. d3 e5 15. Be3 f5 16. Rfd1 Nd5 17. Bd2 Nc7 18. b4 Ne6 19. Qg2 Rf7 20. b5 c5 21. Qd5 Qxd5 22. Nxd5 b6 23. Nc3 Nd4 24. Kf1 f4 25. Ne4 fxg3 26. hxg3 Raf8 27. f3 Rf5 28. Be3 Rd8 29. Bxd4 exd4 30. Nd2 Be5 31. Kg2 h5 32. Ne4 Kg7 33. Rh1 Rdf8 34. Rh3 Kg8 35. Rbh1 Bg7 36. Rh4 Be5 37. g4 hxg4 38. Rxg4 Kg7 39. Ng5 Rh8 40. Rxh8 Kxh8 41. Ne6 Rf6 42. Nd8 Bf4 43. Nc6 g5 44. Nxa7 Rf8 45. Nc6 Ra8 46. Ne7 Rxa3 47. Ng6+ Kh7 48. Nxf4 gxf4 49. Rxf4 Rb3 50. Rg4 Rxb5 51. f4 Ra5 52. Rg5 Ra8 53. Rd5 Rc8 54. Rd7+ Kg8 55. Rb7 Rc6 56. Kf3 Kf8 57. f5 Rh6 58. Ke4 Rh2 59. Rxb6 Rxe2+ 60. Kd5 Rd2 61. Ke6 Rxd3 62. Kf6 Ke8 63. Rc6 Re3 64. Rxc5 Rd3 1/2-1/2